| 000 | 00446nam a2200217Ia 4500 | ||
|---|---|---|---|
| 001 | 13214 | ||
| 003 | GE_BSU | ||
| 008 | 181216s||||||||xx |||||||||||||| ||und|| | ||
| 020 | _a1551669390 | ||
| 040 | _cGE_BSU | ||
| 080 | _a821.111-3 | ||
| 100 | _aSala,Sharon. | ||
| 245 | _aDark water. | ||
| 260 | _aSurrey. | ||
| 260 | _bMira Books. | ||
| 260 | _c2002 | ||
| 300 | _a377p;18cm. | ||
| 300 | _bill. | ||
| 653 | _aDark water. | ||
| 942 | _cBK | ||
| 999 |
_c46378 _d46378 |
||